[Event "Girona-ch"]
[Site "Conjunt de Castell d'Aro"]
[Date "2023.10.08"]
[Round "3"]
[White "Alvarez Serra, Jordi"]
[Black "Lunin Bohomolets, Iliia"]
[Result "1-0"]
[WhiteElo "1844"]
[BlackElo "1798"]
[PlyCount "59"]
[EventDate "2023.09.24"]
[EventType "swiss"]
[EventRounds "8"]
[EventCountry "ESP"]
[SourceTitle "EXT 2025"]
[Source "ChessBase"]
[SourceDate "2024.10.14"]
[SourceVersion "1"]
[SourceVersionDate "2024.10.14"]
[SourceQuality "1"]

1. Nf3 Nf6 2. c4 g6 3. Nc3 Bg7 4. g3 0-0 5. Bg2 c5 6. 0-0 Nc6 7. d4 d6 8. d5 Na5 9. Nd2 a6 10. Qc2 b5 11. b3 b4 12. Nd1 Bf5 13. e4 Nxe4 14. Nxe4 Bxa1 15. Bh6 Bg7 16. Bxg7 Kxg7 17. Ne3 Bxe4 18. Bxe4 Nb7 19. Qb2+ f6 20. f4 Qb6 21. h4 Qd8 22. f5 Rh8 23. Qc2 g5 24. hxg5 h6 25. g6 h5 26. Ng2 Qf8 27. Rf4 Rh6 28. Rh4 Qh8 29. Nf4 Nd8 30. Bf3 1-0

[Event "Platja d'Aro op 9th"]
[Site "Platja d'Aro"]
[Date "2022.12.29"]
[Round "6"]
[White "Alvarez Serra, Jordi"]
[Black "Burset Camps, Guillem"]
[Result "1-0"]
[WhiteElo "1860"]
[BlackElo "1457"]
[PlyCount "87"]
[EventDate "2022.12.26"]
[EventType "swiss"]
[EventRounds "9"]
[EventCountry "ESP"]
[SourceTitle "CBM 211 Extra"]
[Source "ChessBase"]
[SourceDate "2023.01.31"]
[SourceVersion "1"]
[SourceVersionDate "2023.01.31"]
[SourceQuality "1"]

1. c4 c5 2. Nc3 e6 3. Nf3 Nc6 4. g3 d5 5. cxd5 exd5 6. d4 Be6 7. Bg2 c4 8. 0-0 Be7 9. b3 cxb3 10. Qxb3 b6 11. a4 Bf6 12. e3 Nge7 13. Nd2 0-0 14. Ba3 Rc8 15. Rfc1 Qd7 16. Qa2 Rfe8 17. Rc2 Na5 18. Bxe7 Rxe7 19. Nxd5 Bxd5 20. Rxc8+ Qxc8 21. Bxd5 Rc7 22. Be4 g6 23. Kg2 Kg7 24. h4 h5 25. Rb1 Bd8 26. Rb2 f5 27. Bf3 Bf6 28. Nb3 Nc4 29. Re2 Nd6 30. a5 Ne4 31. Qb2 Rc4 32. axb6 axb6 33. Qa3 Rc3 34. Qb4 Qe6 35. Nd2 Rc2 36. Nxe4 Rxe2 37. Bxe2 fxe4 38. Qb5 Qd6 39. Bc4 Be7 40. Qe8 Qf6 41. Qg8+ Kh6 42. Kg1 Bf8 43. Qd5 Qf3 44. Bf1 1-0

[Event "Platja d'Aro op 9th"]
[Site "Platja d'Aro"]
[Date "2022.12.27"]
[Round "3"]
[White "Alvarez Serra, Jordi"]
[Black "Valle Luis, Liam"]
[Result "1-0"]
[WhiteElo "1860"]
[BlackElo "1503"]
[PlyCount "149"]
[EventDate "2022.12.26"]
[EventType "swiss"]
[EventRounds "9"]
[EventCountry "ESP"]
[SourceTitle "CBM 211 Extra"]
[Source "ChessBase"]
[SourceDate "2023.01.31"]
[SourceVersion "1"]
[SourceVersionDate "2023.01.31"]
[SourceQuality "1"]

1. d4 d5 2. Bg5 Nf6 3. Bxf6 exf6 4. e3 c6 5. c4 Bb4+ 6. Nc3 Qa5 7. Qc1 Bxc3+ 8. Qxc3 Qxc3+ 9. bxc3 Bf5 10. cxd5 cxd5 11. c4 dxc4 12. Bxc4 0-0 13. Ne2 Nd7 14. Ng3 Bg6 15. h4 h6 16. 0-0 Nb6 17. Be2 Rac8 18. Bg4 Rc2 19. Rfc1 Rb2 20. Bf3 Rb8 21. a4 Bc2 22. a5 Nc4 23. Be4 Bxe4 24. Nxe4 Nd2 25. Nxd2 Rxd2 26. Rc7 g6 27. Rb1 Ra2 28. Rb5 a6 29. Rd5 Ra1+ 30. Kh2 Rb1 31. Rdd7 Rf8 32. Rxb7 Ra1 33. Rd5 Ra8 34. Rc5 Ra2 35. Kg3 Re8 36. Kf3 Ra3 37. g4 Ra4 38. h5 g5 39. Rb6 Re6 40. Rb8+ Kg7 41. Rb7 Re8 42. Ra7 Re6 43. Rcc7 Rxa5 44. Rxf7+ Kg8 45. Rg7+ Kf8 46. Rh7 Kg8 47. Rxh6 Ra1 48. Rg6+ Kh8 49. Kg2 Ra3 50. h6 Re4 51. Rxf6 Rxg4+ 52. Kf3 Rf4+ 53. Rxf4 gxf4 54. Kxf4 Ra2 55. f3 a5 56. d5 a4 57. e4 Rh2 58. Rxa4 Rxh6 59. Ra8+ Kg7 60. Ra7+ Kf8 61. e5 Rh4+ 62. Kf5 Rd4 63. d6 Rd3 64. f4 Rd1 65. Ke6 Rh1 66. Ra8+ Kg7 67. d7 Rd1 68. d8Q Rxd8 69. Rxd8 Kg6 70. Rg8+ Kh7 71. Rg1 Kh6 72. Kf5 Kh7 73. Kf6 Kh8 74. Kf7 Kh7 75. Rh1# 1-0

[Event "Figueres Mas op-A 23rd"]
[Site "Figueres"]
[Date "2022.08.13"]
[Round "3"]
[White "Lara Crosas, Marc"]
[Black "Alvarez Serra, Jordi"]
[Result "1-0"]
[WhiteElo "1561"]
[BlackElo "1889"]
[PlyCount "59"]
[EventDate "2022.08.11"]
[EventType "swiss"]
[EventRounds "9"]
[EventCountry "ESP"]
[SourceTitle "EXT 2023"]
[Source "ChessBase"]
[SourceDate "2022.10.05"]
[SourceVersion "1"]
[SourceVersionDate "2022.10.05"]
[SourceQuality "1"]

1. e4 c6 2. d4 g6 3. Nc3 d5 4. Bd3 dxe4 5. Nxe4 Bg7 6. Nf3 Nd7 7. Qe2 Qc7 8. g3 Ngf6 9. Bf4 Qa5+ 10. Bd2 Qc7 11. Nxf6+ Nxf6 12. Ne5 0-0 13. 0-0-0 c5 14. g4 cxd4 15. h4 Nd5 16. f4 Ne3 17. Rdg1 Be6 18. h5 Bd5 19. hxg6 hxg6 20. Qh2 Bxh1 21. Rxh1 Rfc8 22. Qh7+ Kf8 23. Bxe3 dxe3 24. Bxg6 fxg6 25. Nxg6+ Ke8 26. Qg8+ Bf8 27. Qxf8+ Kd7 28. Qxe7+ Kc6 29. Ne5+ Kb6 30. Rh6+ 1-0

[Event "Girona Gerunda op"]
[Site "Girona"]
[Date "2021.07.21"]
[Round "5"]
[White "Alvarez Serra, Jordi"]
[Black "Valle Luis, Leo"]
[Result "0-1"]
[WhiteElo "2069"]
[BlackElo "2134"]
[PlyCount "72"]
[EventDate "2021.07.19"]
[EventType "swiss"]
[EventRounds "9"]
[EventCountry "ESP"]
[SourceTitle "EXT 2022"]
[Source "ChessBase"]
[SourceDate "2021.10.06"]
[SourceVersion "1"]
[SourceVersionDate "2021.10.06"]
[SourceQuality "1"]

1. Nf3 Nf6 2. c4 g6 3. Nc3 Bg7 4. g3 0-0 5. Bg2 d6 6. 0-0 e5 7. d3 Nc6 8. Bg5 h6 9. Bd2 Nh5 10. Rb1 f5 11. b4 Ne7 12. b5 g5 13. Qc1 Ng6 14. Nd5 Be6 15. Ba5 Bxd5 16. cxd5 Rc8 17. Qc4 g4 18. Nd2 Rf7 19. Rbc1 Qf8 20. f3 Nf6 21. Bb4 h5 22. fxg4 Nxg4 23. Rf3 e4 24. dxe4 N6e5 25. Qb3 Nxf3+ 26. Bxf3 Bd4+ 27. Kg2 fxe4 28. Bxg4 Rf2+ 29. Kh1 hxg4 30. e3 Rxh2+ 31. Kxh2 Qf2+ 32. Kh1 Kg7 33. Rxc7+ Rxc7 34. Qd1 Kh8 35. Nf3 gxf3 36. Qxd4+ Kg8 0-1

[Event "Figueres Nadal op 9th"]
[Site "Figueres"]
[Date "2020.01.02"]
[Round "2"]
[White "Alvarez Serra, Jordi"]
[Black "Sabater Antico, Luis"]
[Result "1-0"]
[WhiteElo "1882"]
[BlackElo "1517"]
[PlyCount "89"]
[EventDate "2020.01.02"]
[EventType "swiss"]
[EventRounds "8"]
[EventCountry "ESP"]
[SourceTitle "CBM 194 Extra"]
[Source "ChessBase"]
[SourceDate "2020.03.31"]
[SourceVersion "1"]
[SourceVersionDate "2020.03.31"]
[SourceQuality "1"]

1. d4 g6 2. Bg5 Bh6 3. h4 b6 4. Bxh6 Nxh6 5. h5 Nf5 6. e4 Nd6 7. Bd3 Bb7 8. hxg6 fxg6 9. e5 Ne4 10. Qg4 d5 11. f3 c5 12. fxe4 c4 13. Rxh7 Rxh7 14. Qxg6+ Kf8 15. Qxh7 e6 16. Qh8+ Ke7 17. Qg7+ Ke8 18. Be2 Qh4+ 19. g3 Qe7 20. Qxe7+ Kxe7 21. exd5 Bxd5 22. Nc3 Nc6 23. Nxd5+ exd5 24. c3 b5 25. Bf3 Ke6 26. Ne2 a5 27. Nf4+ Kd7 28. Bxd5 Rh8 29. Bxc6+ Kxc6 30. Kf2 Rh2+ 31. Ng2 b4 32. Re1 Rh8 33. Re2 Rf8+ 34. Nf4 Kb5 35. e6 Ka4 36. d5 bxc3 37. bxc3 Rh8 38. e7 Ka3 39. d6 a4 40. Re6 Kxa2 41. e8Q Rxe8 42. Rxe8 Kb3 43. Nd5 a3 44. d7 a2 45. Ra8 1-0

[Event "Girona Gerunda op1st"]
[Site "Girona"]
[Date "2017.11.07"]
[Round "5"]
[White "Alvarez Serra, Jordi"]
[Black "Mundet Riera, Joaquim"]
[Result "1-0"]
[WhiteElo "2119"]
[BlackElo "2069"]
[PlyCount "108"]
[EventDate "2017.09.26"]
[EventType "swiss"]
[EventRounds "9"]
[EventCountry "ESP"]
[SourceTitle "EXT 2019"]
[Source "ChessBase"]
[SourceDate "2018.10.10"]
[SourceVersion "1"]
[SourceVersionDate "2018.10.10"]
[SourceQuality "1"]

1. d4 d5 2. Nf3 Nf6 3. g3 Bf5 4. Bg2 e6 5. 0-0 Bd6 6. c4 c6 7. b3 0-0 8. Bb2 h6 9. Nc3 Ne4 10. Rc1 Nd7 11. Nd2 Nxd2 12. Qxd2 Nf6 13. cxd5 exd5 14. Rfe1 Re8 15. f3 Bb4 16. a3 Ba5 17. b4 Bc7 18. e4 dxe4 19. fxe4 Bg6 20. Kh1 Ng4 21. Rcd1 Nxh2 22. e5 Ng4 23. Qf4 Nf6 24. Ne4 Nh5 25. Qf3 f5 26. Nc5 Rb8 27. Nd3 Qg5 28. Kh2 Rbd8 29. Nf4 Nxf4 30. Qxf4 Qxf4 31. gxf4 Bf7 32. Bh3 Be6 33. Rg1 Re7 34. Bg2 Red7 35. Rd2 Bb6 36. Rgd1 Bb3 37. Rf1 Bxd4 38. Bxd4 Rxd4 39. Rb2 Bc4 40. Rc1 Rxf4 41. a4 a6 42. Re1 Kf8 43. Kg3 g5 44. Kh2 Ke7 45. Kg3 Rd3+ 46. Kh2 Rfd4 47. Re3 Rd1 48. Rc3 Rh4+ 49. Kg3 f4+ 50. Kf2 Bd5 51. Bxd5 Rxd5 52. Kg2 Rxe5 53. b5 axb5 54. axb5 cxb5 1-0

[Event "Girona Gerunda op1st"]
[Site "Girona"]
[Date "2017.10.24"]
[Round "4"]
[White "Baig Falgueras, Marc"]
[Black "Alvarez Serra, Jordi"]
[Result "0-1"]
[WhiteElo "1889"]
[BlackElo "2119"]
[PlyCount "100"]
[EventDate "2017.09.26"]
[EventType "swiss"]
[EventRounds "9"]
[EventCountry "ESP"]
[SourceTitle "EXT 2019"]
[Source "ChessBase"]
[SourceDate "2018.10.10"]
[SourceVersion "1"]
[SourceVersionDate "2018.10.10"]
[SourceQuality "1"]

1. e4 c6 2. d4 g6 3. c4 d5 4. exd5 cxd5 5. Nc3 Nf6 6. Qb3 Bg7 7. cxd5 0-0 8. Be2 Nbd7 9. Bf3 Nb6 10. Bf4 Bg4 11. Bxg4 Nxg4 12. Nf3 Nf6 13. d6 exd6 14. 0-0 d5 15. a4 a5 16. Nb5 Nc4 17. Bc7 Qc8 18. Rae1 Ra6 19. Ne5 Rc6 20. Rc1 Rxc7 21. Nxc7 Qxc7 22. Nxc4 dxc4 23. Rxc4 Qd7 24. Rfc1 Nd5 25. Qf3 b6 26. Qg3 h5 27. Qh4 Bf6 28. Qg3 Kg7 29. Re1 h4 30. Qf3 Rh8 31. h3 Rh5 32. Re4 Rf5 33. Qg4 Bd8 34. Re5 Nf6 35. Qe2 Nd5 36. Rxf5 gxf5 37. Qh5 Qe6 38. Qd1 Bf6 39. Qd2 Kg6 40. Kf1 Ne3+ 41. Qxe3 Qxc4+ 42. Qe2 Qc1+ 43. Qe1 Qxe1+ 44. Kxe1 Bxd4 45. b3 f4 46. Ke2 Kf5 47. Kf3 Be5 48. Ke2 Ke4 49. Kd2 f3 50. gxf3+ Kxf3 0-1

[Event "Sant Gregori Ajuntament op 2nd"]
[Site "Sant Gregori"]
[Date "2017.07.07"]
[Round "5.4"]
[White "Boubakha, Mohamed"]
[Black "Alvarez Serra, Jordi"]
[Result "0-1"]
[WhiteElo "2036"]
[BlackElo "2087"]
[PlyCount "78"]
[EventDate "2017.07.03"]
[EventType "swiss"]
[EventRounds "7"]
[EventCountry "ESP"]
[SourceTitle "EXT 2024"]
[Source "ChessBase"]
[SourceDate "2023.10.10"]
[SourceVersion "1"]
[SourceVersionDate "2023.10.10"]
[SourceQuality "1"]

1. e4 c6 2. Bc4 d5 3. exd5 cxd5 4. Bb3 Nf6 5. d4 Bf5 6. h3 e6 7. Nf3 Bd6 8. 0-0 h6 9. Nc3 0-0 10. Re1 a6 11. a3 Nc6 12. Ne2 Qc7 13. c3 b5 14. Be3 a5 15. Qc1 Rfc8 16. Bf4 Ne4 17. Bxd6 Qxd6 18. Qe3 b4 19. cxb4 axb4 20. a4 Na5 21. Ne5 f6 22. f3 Nd2 23. Bd1 Ndc4 24. Nxc4 Nxc4 25. Qb3 e5 26. Kh1 Re8 27. Rg1 Bg6 28. Rc1 exd4 29. Nxd4 Re3 30. Qa2 Qf4 31. Ne2 Qe5 32. b3 Nd6 33. Qd2 Bd3 34. Ng3 Re8 35. Nf1 Bxf1 36. Rxf1 Nf5 37. f4 Ng3+ 38. Kg1 Nxf1 39. Kxf1 Qxf4+ 0-1

[Event "Sant Gregori Ajuntament op 2nd"]
[Site "Sant Gregori"]
[Date "2017.07.05"]
[Round "3.4"]
[White "Alvarez Serra, Jordi"]
[Black "Diaz Comas, Jordi"]
[Result "1/2-1/2"]
[WhiteElo "2087"]
[BlackElo "2068"]
[PlyCount "108"]
[EventDate "2017.07.03"]
[EventType "swiss"]
[EventRounds "7"]
[EventCountry "ESP"]
[SourceTitle "EXT 2024"]
[Source "ChessBase"]
[SourceDate "2023.10.10"]
[SourceVersion "1"]
[SourceVersionDate "2023.10.10"]
[SourceQuality "1"]

1. Nf3 d6 2. d4 Bg4 3. e4 Nc6 4. Be3 Nf6 5. Nbd2 e5 6. d5 Ne7 7. Bd3 Ng6 8. Bb5+ Bd7 9. Bxd7+ Qxd7 10. g3 Ng4 11. Qe2 Nxe3 12. Qxe3 Be7 13. c4 h5 14. h4 Qg4 15. Qb3 b6 16. Qa4+ Qd7 17. Qxd7+ Kxd7 18. Nf1 Bf6 19. Ne3 Ne7 20. Ke2 a5 21. b3 g6 22. a3 Ra7 23. Ra2 Rha8 24. Rc1 Ng8 25. Nd1 Nh6 26. Nc3 Be7 27. Nb5 Ra6 28. Rac2 f5 29. Nd2 Rf8 30. b4 axb4 31. axb4 Rfa8 32. c5 bxc5 33. bxc5 dxc5 34. Nb3 Ra2 35. Kd3 Rxc2 36. Rxc2 c6 37. dxc6+ Kxc6 38. Nc3 Ra3 39. Kc4 Ng4 40. Nd5 Bd6 41. f3 Nh6 42. Nc3 Ng8 43. Rd2 Ra6 44. Re2 Nf6 45. Nc1 Rb6 46. Nd3 fxe4 47. Nxe4 Nxe4 48. Rxe4 Kc7 49. Kd5 Rb3 50. Kc4 Ra3 51. Nxe5 Bxe5 52. Rxe5 Rxf3 53. Rxc5+ Kd6 54. Rg5 Rf6 1/2-1/2

[Event "Girona Pont Major op 2nd"]
[Site "Girona"]
[Date "2017.06.02"]
[Round "6"]
[White "Alvarez Serra, Jordi"]
[Black "Guzman Maglaya, Noli"]
[Result "1/2-1/2"]
[WhiteElo "1991"]
[BlackElo "1925"]
[PlyCount "85"]
[EventDate "2017.04.21"]
[EventType "swiss"]
[EventRounds "8"]
[EventCountry "ESP"]
[SourceTitle "CBM 187 Extra"]
[Source "ChessBase"]
[SourceDate "2018.11.04"]
[SourceVersion "1"]
[SourceVersionDate "2018.11.04"]
[SourceQuality "1"]

1. c4 e5 2. Nc3 Nf6 3. Nf3 d6 4. g3 c6 5. d3 Be7 6. Bg2 0-0 7. 0-0 h6 8. Rb1 Be6 9. c5 Nbd7 10. cxd6 Bxd6 11. b4 Nd5 12. Nxd5 cxd5 13. Bb2 d4 14. a3 Rc8 15. Nd2 b6 16. Ne4 Bb8 17. e3 f5 18. Nd2 dxe3 19. fxe3 Nf6 20. Qe2 Rc2 21. Rfc1 Rxc1+ 22. Rxc1 Qd7 23. Bc6 Qd6 24. b5 Rd8 25. d4 exd4 26. exd4 f4 27. gxf4 Bd5 28. Nc4 Bxc4 29. Qxc4+ Kh8 30. Rf1 Nh5 31. Bc1 Qxd4+ 32. Qxd4 Rxd4 33. f5 Bd6 34. Be8 Nf4 35. Bxf4 Rxf4 36. Rxf4 Bxf4 37. h3 Kg8 38. Kg2 Kf8 39. Bc6 Ke7 40. Kf3 Bc1 41. a4 Kf6 42. Ke4 Bb2 43. Be8 1/2-1/2

[Event "Girona op 2nd"]
[Site "Girona"]
[Date "2011.07.19"]
[Round "6"]
[White "Colomer Camarasa, Jordi"]
[Black "Alvarez Serra, Jordi"]
[Result "1/2-1/2"]
[WhiteElo "1947"]
[BlackElo "1992"]
[PlyCount "87"]
[EventDate "2011.07.14"]
[EventType "swiss"]
[EventRounds "9"]
[EventCountry "ESP"]
[SourceTitle "CBM 143 Extra"]
[Source "ChessBase"]
[SourceDate "2011.08.29"]
[SourceVersion "1"]
[SourceVersionDate "2011.08.29"]
[SourceQuality "1"]

1. Nc3 d5 2. e4 c6 3. d4 g6 4. h3 dxe4 5. Nxe4 Bg7 6. Nf3 Nd7 7. Bc4 Ngf6 8. Nxf6+ Nxf6 9. 0-0 Qd6 10. Qe2 0-0 11. Bb3 a5 12. a3 a4 13. Ba2 b6 14. Re1 e6 15. Bd2 Ba6 16. Qe3 Nd5 17. Qe4 c5 18. c4 Nf6 19. Qh4 Rfe8 20. Bf4 Qf8 21. Be5 Nd7 22. Bxg7 Qxg7 23. Rad1 cxd4 24. Rxd4 Nc5 25. Red1 h6 26. R1d2 Bb7 27. Rd8 g5 28. Rxe8+ Rxe8 29. Qd4 Bxf3 30. Qxg7+ Kxg7 31. gxf3 Re7 32. Rd6 Rd7 33. Rxb6 Rd1+ 34. Kg2 Ra1 35. b4 axb3 36. Bxb3 Rb1 37. Rb5 Rxb3 38. Rxc5 Rxa3 39. Rc8 Rc3 40. c5 h5 41. c6 h4 42. Rc7 Rc1 43. Rc8 Kf6 44. Rc7 1/2-1/2

[Event "Girona op 2nd"]
[Site "Girona"]
[Date "2011.07.18"]
[Round "5"]
[White "Alvarez Serra, Jordi"]
[Black "Mundet Riera, Jaume"]
[Result "0-1"]
[WhiteElo "1992"]
[BlackElo "2125"]
[PlyCount "198"]
[EventDate "2011.07.14"]
[EventType "swiss"]
[EventRounds "9"]
[EventCountry "ESP"]
[SourceTitle "CBM 143 Extra"]
[Source "ChessBase"]
[SourceDate "2011.08.29"]
[SourceVersion "1"]
[SourceVersionDate "2011.08.29"]
[SourceQuality "1"]

1. Nf3 g6 2. c4 Bg7 3. Nc3 d6 4. g3 c5 5. Bg2 Nc6 6. 0-0 e5 7. d3 Nge7 8. Rb1 0-0 9. a3 f5 10. e3 h6 11. Ne1 Be6 12. Nd5 Bf7 13. Nxe7+ Qxe7 14. b4 cxb4 15. axb4 e4 16. Qc2 Rfe8 17. d4 a6 18. f3 Rac8 19. fxe4 fxe4 20. Rf4 d5 21. c5 h5 22. b5 axb5 23. Rxb5 Bh6 24. Rf1 Rc7 25. Qd2 h4 26. Nc2 hxg3 27. hxg3 Qg5 28. Qe1 Bg7 29. Qf2 Re6 30. Qf4 Qe7 31. Qg4 Be8 32. Rb6 Rf6 33. Rxf6 Bxf6 34. Nb4 Nxb4 35. Rxb4 Bg5 36. Rb6 Rc6 37. Rxc6 Bxc6 38. Bh3 Kg7 39. Bd2 Qd8 40. Qc8 Qf6 41. Bg2 Qf7 42. Qg4 Bh6 43. Qe2 Qc7 44. Qe1 b6 45. cxb6 Qxb6 46. Kh2 Kh7 47. Qc1 Bf8 48. Qf1 Kg7 49. Qf4 Bb7 50. Qe5+ Kh7 51. Qf4 Bg7 52. Qh4+ Kg8 53. Qe7 Bf8 54. Qg5 Kh7 55. Qf4 Bd6 56. Qh4+ Kg7 57. Qg4 Qc7 58. Bh3 Bc6 59. Qc8 Bxg3+ 60. Kg2 Qxc8 61. Bxc8 Bd6 62. Kf2 Be8 63. Bb7 Bf7 64. Be1 Be6 65. Kg2 Kf6 66. Bg3 Bb4 67. Be5+ Kf5 68. Bg3 Bd2 69. Bf2 g5 70. Ba6 Kf6 71. Bb5 Ke7 72. Ba6 Kd7 73. Bb5+ Ke7 74. Ba6 Kd7 75. Bb5+ Kc7 76. Be2 Kb6 77. Bd1 Ka5 78. Be2 Kb4 79. Ba6 Kc3 80. Bb5 Bc1 81. Ba6 Kd2 82. Bb5 Ba3 83. Ba4 Bd6 84. Bb5 g4 85. Ba6 g3 86. Bg1 Kc3 87. Be2 Kb4 88. Bd1 Kb5 89. Bh5 Kc6 90. Be2 Kd7 91. Kf1 Ke7 92. Bh5 Kf6 93. Ke1 Kg5 94. Be2 Bb4+ 95. Kd1 Bg4 96. Bxg4 Kxg4 97. Ke2 Bd6 98. Kf1 Kf3 99. Bf2 g2+ 0-1

[Event "Girona op 2nd"]
[Site "Girona"]
[Date "2011.07.17"]
[Round "4"]
[White "Mas Recorda, Pere"]
[Black "Alvarez Serra, Jordi"]
[Result "1-0"]
[WhiteElo "2063"]
[BlackElo "1992"]
[PlyCount "69"]
[EventDate "2011.07.14"]
[EventType "swiss"]
[EventRounds "9"]
[EventCountry "ESP"]
[SourceTitle "CBM 143 Extra"]
[Source "ChessBase"]
[SourceDate "2011.08.29"]
[SourceVersion "1"]
[SourceVersionDate "2011.08.29"]
[SourceQuality "1"]

1. d4 Nf6 2. c4 g6 3. Nc3 d5 4. cxd5 Nxd5 5. Bd2 Bg7 6. e4 Nb6 7. Be3 0-0 8. h3 Nc6 9. Nf3 e5 10. d5 Ne7 11. Bd3 f5 12. Qb3 Kh8 13. 0-0-0 Bd7 14. Ng5 fxe4 15. Bxe4 Nf5 16. Bxf5 gxf5 17. h4 Qe8 18. Bc5 Rf6 19. f4 h6 20. fxe5 Qxe5 21. Bd4 Qf4+ 22. Kb1 Rg6 23. g3 Qg4 24. Nf7+ Kg8 25. Ne5 Bxe5 26. Bxe5 Ba4 27. Nxa4 Qe4+ 28. Ka1 Qxe5 29. d6+ Qe6 30. dxc7 Kh7 31. h5 Rf6 32. Rd8 Nc8 33. Rhd1 b5 34. R1d7+ Ne7 35. Rxe7+ 1-0

[Event "Girona op 2nd"]
[Site "Girona"]
[Date "2011.07.16"]
[Round "3"]
[White "Alvarez Serra, Jordi"]
[Black "Caballero Maytin, Jesus"]
[Result "1-0"]
[WhiteElo "1992"]
[BlackElo "2070"]
[PlyCount "97"]
[EventDate "2011.07.14"]
[EventType "swiss"]
[EventRounds "9"]
[EventCountry "ESP"]
[SourceTitle "CBM 143 Extra"]
[Source "ChessBase"]
[SourceDate "2011.08.29"]
[SourceVersion "1"]
[SourceVersionDate "2011.08.29"]
[SourceQuality "1"]

1. d4 Nf6 2. Bg5 Ne4 3. Bf4 g6 4. f3 Nf6 5. e4 d6 6. Bc4 Bg7 7. Qd2 0-0 8. Nc3 Nbd7 9. Nge2 c5 10. Bh6 cxd4 11. Nxd4 Ne5 12. Bb3 Bd7 13. h4 Qb6 14. 0-0-0 Rfc8 15. Bxg7 Kxg7 16. g4 a5 17. a4 Nc4 18. Bxc4 Rxc4 19. h5 Rh8 20. hxg6 fxg6 21. g5 Nh5 22. Nd5 Qd8 23. b3 Rc5 24. Ne2 e5 25. f4 Bg4 26. Rdg1 Bf3 27. Rxh5 Bxh5 28. Ng3 Bg4 29. f5 gxf5 30. exf5 Bf3 31. Nf6 Qb6 32. Ngh5+ Bxh5 33. Nxh5+ Kf8 34. Rg3 Qc6 35. Nf6 Ke7 36. Rh3 h6 37. Ng4 Rc8 38. f6+ Ke6 39. c4 Rxc4+ 40. bxc4 Qxc4+ 41. Kb2 Qxg4 42. Rxh6 Rc6 43. f7+ Kxf7 44. Qf2+ Qf4 45. Rf6+ Kg7 46. Rxf4 exf4 47. Qxf4 d5 48. Qe5+ Kg6 49. Qxd5 1-0

[Event "Catalunya Vilanova Salt 35th"]
[Site "Salt"]
[Date "2009.05.29"]
[Round "6.4"]
[White "Colomer Camarasa, Jordi"]
[Black "Alvarez Serra, Jordi"]
[Result "0-1"]
[WhiteElo "1939"]
[BlackElo "2034"]
[PlyCount "72"]
[EventDate "2009.04.17"]
[EventType "swiss"]
[EventRounds "9"]
[EventCountry "ESP"]
[SourceTitle "EXT 2024"]
[Source "ChessBase"]
[SourceDate "2023.10.10"]
[SourceVersion "1"]
[SourceVersionDate "2023.10.10"]
[SourceQuality "1"]

1. f4 c5 2. Nf3 g6 3. b3 Bg7 4. Nc3 b5 5. Bb2 Bb7 6. e3 b4 7. Na4 Bxb2 8. Nxb2 Nf6 9. Bd3 d5 10. Bb5+ Kf8 11. 0-0 Qb6 12. Be2 Nbd7 13. Qe1 Ne4 14. Ng5 Ndf6 15. Nxe4 Nxe4 16. Na4 Qd6 17. d3 Nf6 18. Qh4 Kg7 19. Rf2 Rac8 20. g4 h5 21. g5 Ng8 22. Raf1 e6 23. Bf3 Ne7 24. e4 Bc6 25. e5 Qb8 26. Nb2 Nf5 27. Qh3 Qb6 28. Ra1 Bb5 29. a4 bxa3 30. Rxa3 c4 31. bxc4 dxc4 32. Be4 Ne3 33. dxc4 Ng4 34. Qf3 Bxc4 35. Nxc4 Rxc4 36. Rb3 Qxf2+ 0-1

[Event "Catalunya Vilanova Salt 35th"]
[Site "Salt"]
[Date "2009.05.22"]
[Round "5.6"]
[White "Alvarez Serra, Jordi"]
[Black "Vazquez Montreal, Enric"]
[Result "1-0"]
[WhiteElo "2034"]
[BlackElo "1691"]
[PlyCount "63"]
[EventDate "2009.04.17"]
[EventType "swiss"]
[EventRounds "9"]
[EventCountry "ESP"]
[SourceTitle "EXT 2024"]
[Source "ChessBase"]
[SourceDate "2023.10.10"]
[SourceVersion "1"]
[SourceVersionDate "2023.10.10"]
[SourceQuality "1"]

1. d4 e6 2. c4 d5 3. Nc3 Nf6 4. Bg5 Be7 5. e3 Nbd7 6. Nf3 h6 7. Bh4 Ne4 8. Bxe7 Qxe7 9. Qc2 f5 10. cxd5 Nxc3 11. dxe6 Qxe6 12. Qxc3 Nb6 13. Qxc7 0-0 14. Be2 Kh8 15. 0-0 Rf7 16. Qe5 Qg6 17. Qe8+ Kh7 18. Ne5 Be6 19. Qxf7 Bxf7 20. Nxg6 Bxg6 21. Bf3 Rb8 22. Rfc1 Nc8 23. Rc7 Nd6 24. Rac1 b5 25. Rd7 Nc4 26. b3 Nb6 27. Rxa7 Be8 28. Rcc7 Kh8 29. Rxg7 Rc8 30. h4 Rd8 31. Rh7+ Kg8 32. Rxh6 1-0

[Event "Catalunya Vilanova Salt 35th"]
[Site "Salt"]
[Date "2009.05.08"]
[Round "3.4"]
[White "Alvarez Serra, Jordi"]
[Black "Gallart Vila, Joan"]
[Result "1-0"]
[WhiteElo "2034"]
[BlackElo "1825"]
[PlyCount "69"]
[EventDate "2009.04.17"]
[EventType "swiss"]
[EventRounds "9"]
[EventCountry "ESP"]
[SourceTitle "EXT 2024"]
[Source "ChessBase"]
[SourceDate "2023.10.10"]
[SourceVersion "1"]
[SourceVersionDate "2023.10.10"]
[SourceQuality "1"]

1. d4 d5 2. Nf3 e6 3. c4 Nf6 4. Nc3 a6 5. Bg5 dxc4 6. e3 b5 7. a4 c6 8. axb5 cxb5 9. Nxb5 Qb6 10. Bxc4 axb5 11. Rxa8 Bb4+ 12. Kf1 Ne4 13. Bf4 Nd6 14. Bd3 0-0 15. Qb3 Nc6 16. Bxd6 Bxd6 17. Qxb5 Qc7 18. Ke2 Nb4 19. Qc4 Qb7 20. Rha1 Nxd3 21. Qxd3 Qxb2+ 22. Nd2 Qb7 23. f3 Bd7 24. Rxf8+ Bxf8 25. Rb1 Qc7 26. g3 Bc8 27. Kf2 Qa5 28. Nc4 Qh5 29. Kg2 Ba6 30. Qc2 Qd5 31. Nb6 Qa5 32. Nd7 g6 33. Rb8 Bf1+ 34. Kxf1 Kg7 35. Nxf8 1-0

[Event "Catalunya Vilanova Salt 35th"]
[Site "Salt"]
[Date "2009.04.17"]
[Round "1.6"]
[White "Alvarez Serra, Jordi"]
[Black "Casellas Delemus, Jordi"]
[Result "1-0"]
[WhiteElo "2034"]
[BlackElo "1940"]
[PlyCount "75"]
[EventDate "2009.04.17"]
[EventType "swiss"]
[EventRounds "9"]
[EventCountry "ESP"]
[SourceTitle "EXT 2024"]
[Source "ChessBase"]
[SourceDate "2023.10.10"]
[SourceVersion "1"]
[SourceVersionDate "2023.10.10"]
[SourceQuality "1"]

1. d4 Nf6 2. Nf3 g6 3. c4 Bg7 4. Nc3 d6 5. g3 0-0 6. Bg2 Nbd7 7. 0-0 e5 8. e4 exd4 9. Nxd4 Re8 10. h3 Nc5 11. Re1 c6 12. Qc2 a5 13. Be3 Qe7 14. Rad1 Be6 15. Nxe6 Qxe6 16. Bd4 Rad8 17. Kh2 Qxc4 18. Bf1 Qe6 19. e5 Nfd7 20. exd6 Qxe1 21. Rxe1 Rxe1 22. Bxg7 Kxg7 23. Bg2 Rde8 24. Nd1 R1e6 25. Qc3+ Kg8 26. Ne3 Rxd6 27. Ng4 f6 28. Qxa5 Re2 29. b4 Na6 30. b5 cxb5 31. Bxb7 Nac5 32. Bf3 Ree6 33. Qa8+ Kg7 34. Bd5 Ra6 35. Qd8 Rad6 36. Bxe6 Rxe6 37. Ne3 Rd6 38. Qe7+ 1-0